000 00455nam a2200181Ia 4500
008 090124s9999 xx 000 0 und d
082 _b118583
100 _aआफळे सुनीति
245 _a काजवे
250 _a1
260 _c1980
300 _a99
600 _aआफळे सुनीति
630 _a काजवे
700 _aआफळे सुनीति
730 _a काजवे
942 _cBOOK
999 _c164669
_d164669